Otra tierra /

¿Estamos solos o existe algún planeta similar a la Tierra en algún punto del universo? Los modelos, que están experimentando mejoras continuamente, pueden ofrecer a los científicos una idea más precisa de lo que los futuros "buscadores de planetas terrestres" deberían tratar de localizar....

Descripción completa

Guardado en:
Autor Principal: Cohen, Douglas.
Autor Corporativo: History Channel.
Formato: Deslizar
Publicado: Estados Unidos, 2007.
Series:El Universo
Materias:
Etiquetas: Agregar Etiqueta
Sin Etiquetas, Sea el primero en etiquetar este registro!
LEADER 01175ngm a22002895g 4500
001 CEM.cems023231
008 130507s2007##################0###0#####d
005 20250220150438.0
245 0 0 |a Otra tierra /  |c Douglas Cohen. 
260 |a Estados Unidos,  |c 2007. 
300 |a 44'. 
490 0 |a El Universo 
500 |a Consultar en ventanilla. 
520 |a ¿Estamos solos o existe algún planeta similar a la Tierra en algún punto del universo? Los modelos, que están experimentando mejoras continuamente, pueden ofrecer a los científicos una idea más precisa de lo que los futuros "buscadores de planetas terrestres" deberían tratar de localizar. ¿Podríamos ser un planeta único en el universo? 
538 |a Soporte: DVD - Color: Si - Grabación DRD. 
590 |a Identificación anterior registrada en SIABUC: DVD Nº100 
100 1 |a Cohen, Douglas. 
710 2 |a History Channel. 
082 5 2 |/ COH-3.1 
653 |a ASTRONOMÍA 
653 |a UNIVERSO 
653 |a PLANETAS 
653 |a ESPACIO 
653 |a NIVEL SECUNDARIO 
653 |a SERIE 
653 |a DOCUMENTAL 
859 |a CEMS  |b BIB. CEMS - Depto. Recursos Didacticos  |h 520  |i COH-3.1  |k DRD  |p 1874.13  |t Ej.1